| 000 | 00862nam a2200205 i 4500 | ||
|---|---|---|---|
| 001 | 32091 | ||
| 003 | ES-MaACL | ||
| 005 | 20250901043408.0 | ||
| 007 | t| | ||
| 008 | 030218s1884 sp ||||1| spa d | ||
| 100 | 1 |
_aCanales e Ibáñez, Nicolás. _934395 |
|
| 245 | 1 | 0 |
_aDiscurso leído en el acto de apertura del curso académico de 1884 a 1885 en la Universidad Literaria de Zaragoza / _cpor Nicolás Canales e Ibáñez. |
| 260 |
_a[Zaragoza : _bs.n.], _c1884 ( _fTip. de C. Ariño) |
||
| 300 |
_a121 p. ; _c28 cm. |
||
| 500 | _aTítulo del discurso: Juicio crítico de las reformas jurídico-sociales que al presente reclaman, en favor de la mujer, los partidarios de su completa emancipación. | ||
| 650 | 0 | 4 |
_aMujeres- _xDerechos _915263 |
| 710 | 2 |
_aUniversidad Literaria de Zaragoza. _97395 |
|
| 852 |
_aES-MaACL _jT-392-F-12 |
||
| 999 |
_c32091 _d32091 |
||